| 000 | 00700nam a22002177a 4500 | ||
|---|---|---|---|
| 005 | 20150415150816.0 | ||
| 008 | 140714b xxu||||| |||| 00| 0 Urdu d | ||
| 010 | _aUR-8821 | ||
| 020 | q | _c150.00 | |
| 035 | _aU-7376 | ||
| 037 | _bDBAD/Pub. | ||
| 040 |
_aDPL _bUrdu |
||
| 082 | _a840.8 | ||
| 100 | _aا بو ا لحيا ت | ||
| 245 |
_aکليم عا جز کی نثر نگا ر ی _bا بو ا لحيا ت |
||
| 246 |
_aKaleem Aajiz ki Nasar nigari _bBy Dr. Abu Ul Hyaat |
||
| 260 |
_aPatna _bKhuda Bakhsh Oriental Public Library _c2013 |
||
| 270 |
_aKhuda Bakhsh Oriental Public Library _bPatna _e-4 |
||
| 300 |
_a160-ص _b22C.m.(PB) |
||
| 942 |
_2ddc _cUR _h840.8 _mا ب و |
||
| 999 |
_c92971 _d92971 |
||